| 000 -LEADER |
| fixed length control field |
00360pab a2200145 454500 |
| 008 - FIXED-LENGTH DATA ELEMENTS--GENERAL INFORMATION |
| fixed length control field |
180718b2000 xxu||||| |||| 00| 0 eng d |
| 100 ## - MAIN ENTRY--PERSONAL NAME |
| Personal name |
Heekelman, Jac C. |
| 245 ## - TITLE STATEMENT |
| Title |
Which economic freedom contribute to growth? |
| 260 ## - PUBLICATION, DISTRIBUTION, ETC. |
| Date of publication, distribution, etc. |
2000 |
| 300 ## - PHYSICAL DESCRIPTION |
| Extent |
p.527-44 |
| 650 ## - SUBJECT ADDED ENTRY--TOPICAL TERM |
| Topical term or geographic name entry element |
Economic growth |
| 700 ## - ADDED ENTRY--PERSONAL NAME |
| Personal name |
Stroup, Michael D. |
| 773 ## - HOST ITEM ENTRY |
| Main entry heading |
Kyklos |
| 909 ## - |
| -- |
47721 |